| 000 | 00389nam a2200145Ia 4500 | ||
|---|---|---|---|
| 003 | sisc | ||
| 005 | 20180220154328.0 | ||
| 008 | 180205s9999 xx 000 0 und d | ||
| 020 | _a9719148209 | ||
| 100 | _aNalundasan, Zenaida M. | ||
| 245 | _aFilipiniana list of subject heading / | ||
| 260 |
_aSta, Cruz city _bAPB educational material _c1994 |
||
| 300 | _a104 pages | ||
| 942 |
_2lcc _cBK |
||
| 999 |
_c354876 _d354876 |
||